00000000nam##2200000za#4500
0019.561456
003CaOODSP
00520210624173851
007cr |||||||||||
008150406|2006||||xxc|||||o    f|0| 0 eng|d
020 |a0-662-44639-9
040 |aCaOODSP|beng
043 |an-cn---
0861 |aFs22-4/66-2006E-PDF
1101 |aCanada. |bDepartment of Fisheries and Oceans.
24514|aThe Lake Sturgeon (Winnipeg River, English River) : |h[electronic resource]|ba species at risk in the Prairie provinces and Ontario
260 |bFisheries and Oceans Canada |cc2006.
300 |a2p.|bcoloured map, illus.
4901 |aAquatic species at risk
590 |a11-08-Supp|b2011-06-16
77508|tL'esturgeon jaune (rivières Winnipeg et English) : |w(CaOODSP)9.594054
830#0|aAquatic species at risk.|w(CaOODSP)9.504828
85640|ahttp://publications.gc.ca|qPDF|s345 KB|uhttps://publications.gc.ca/collections/collection_2011/mpo-dfo/Fs22-4-66-2006-eng.pdf
986 |aDFO/2006-1132